The Naked Gods (Record no. 4718)

MARC details
000 -LEADER
fixed length control field 00433nam a22001577a 4500
008 - FIXED-LENGTH DATA ELEMENTS--GENERAL INFORMATION
fixed length control field 260428b |||||||| |||| 00| 0 eng d
020 ## - INTERNATIONAL STANDARD BOOK NUMBER
ISBN 9789780696023
100 ## - MAIN ENTRY--AUTHOR
Author Ike, Chukwumeka
245 ## - TITLE STATEMENT
Title The Naked Gods
260 ## - PUBLICATION, DISTRIBUTION, ETC. (IMPRINT)
Place of publication Ibadan
Name of publisher University press Plc.
Date of publication 2015
300 ## - COLLATION
Pagination vi, 317p.
650 ## - TRACINGS
Main Subject English Literature
Subdivision (1st) African (Nigerian) literature in English
942 ## - ADDED ENTRY ELEMENTS (KOHA)
Item type Books
050 ## - LIBRARY OF CONGRESS CALL NUMBER
Classification number PR9387.9
Item number .I44
Holdings
Source of classification or shelving scheme Not for loan Permanent location Current location Date acquired Accession No. Full call number Barcode. Koha item type
Library of Congress Classification   Samuel Ogbemudia Main Library, University of Abuja Samuel Ogbemudia Main Library, University of Abuja 04/28/2026 2026/71756-59 & 71995-996 PR9387.9 .I44 2026-0214 Books